000 00267nam a2200109Ia 4500
008 190216s9999||||xx |||||||||||||| ||und||
100 _aVidha Vindusingh
245 0 _aHindi - Kaki Roaomath
260 _b"Neelesh Prakashan, Delhi"
_c2002
300 _a111
942 _cBK
999 _c16941
_d16941